Normal view
MARC view
- Londhe S.N.,Shastri S.S.& Nikam N.G
Entry Personal Name
001 - CONTROL NUMBER
- control field: 188146
003 - CONTROL NUMBER IDENTIFIER
- control field: OSt
005 - DATE AND TIME OF LATEST TRANSACTION
- control field: 20230714210926.0
008 - FIXED-LENGTH DATA ELEMENTS
- fixed length control field: 230714|| aca||aabn | a|a d
040 ## - CATALOGING SOURCE
- Original cataloging agency: OSt
- Transcribing agency: OSt
100 ## - HEADING--PERSONAL NAME
- Personal name: Londhe S.N.,Shastri S.S.& Nikam N.G
670 ## - SOURCE DATA FOUND
- Source citation: Work cat.: (OSt)181676: Londhe S.N., Basic Civil Engineering, 2003